A preliminary study on the variation of Trapa in Japan /

Bibliographic Details
Main Author: Kadono, Yasuro (Author)
Other Authors: Lai, Chintu (Translator), Rybicki, Nancy B. (Editor)
Format: Government Document eBook
Language:English
Published: Reston, Virginia : U.S. Department of the Interior, U.S. Geological Survey, 2018.
Series:Open-file report (Geological Survey (U.S.)) ; 2010-1298.
Subjects:
Online Access:https://purl.fdlp.gov/GPO/gpo121031

MARC

Tag First Indicator Second Indicator Subfields
LEADER 00000cam a2200000Ii 4500
001 in00004080013
005 20191021080546.0
006 m o d f
007 cr |||||||||||
008 190528s2018 vaua ob f000 0 eng d
035 |a (OCoLC)on1102601837 
040 |a GPO  |b eng  |e rda  |e pn  |c GPO  |d MvI  |d UtOrBLW 
041 1 |a eng  |h jpn 
043 |a a-ja--- 
049 |a WWW 
074 |a 0624-H (online) 
086 0 |a I 19.76:2018-1075 
100 1 |a Kadono, Yasuro,  |e author. 
245 1 2 |a A preliminary study on the variation of Trapa in Japan /  |c by Yasuro Kadono ; translated from the Japanese by V. Chintu Lai ; English translation edited by Nancy B. Rybicki. 
264 1 |a Reston, Virginia :  |b U.S. Department of the Interior, U.S. Geological Survey,  |c 2018. 
300 |a 1 online resource (14 pages) :  |b illustrations. 
336 |a text  |b txt  |2 rdacontent 
337 |a computer  |b c  |2 rdamedia 
338 |a online resource  |b cr  |2 rdacarrier 
490 1 |a Open file report,  |x 2331-1258 ;  |v 2018-1075 
500 |a "This English translation is released with the permission of Yasuro Kadono and the publisher of the original article, which was published in final form in Japanese as follows: Kadono, Y., 1987, A preliminary study on the variation of Trapa in Japan: Acta Phytotaxanomica et Geobotanica, volume 38 (September), pages 199-210." 
504 |a Includes bibliographical references (pages 13-14). 
588 |a Description based on online resource, PDF version; title from cover (USGS, viewed May 28, 2019). 
650 0 |a Water chestnuts  |x Varieties  |z Japan. 
700 1 |a Lai, Chintu,  |e translator.  |0 http://id.loc.gov/authorities/names/n85360529 
700 1 |a Rybicki, Nancy B.,  |e editor.  |0 http://id.loc.gov/authorities/names/n88230153 
710 2 |a Geological Survey (U.S.),  |e issuing body.  |0 http://id.loc.gov/authorities/names/n80092173 
830 0 |a Open-file report (Geological Survey (U.S.)) ;  |v 2010-1298.  |0 http://id.loc.gov/authorities/names/n42017858 
856 4 0 |u https://purl.fdlp.gov/GPO/gpo121031  |t 0 
999 f f |s b7f9e46c-84d4-3b48-87d1-b9ded0f4b300  |i 44d1b86a-8f95-3f09-9119-09e6e74af915  |t 0 
952 f f |a Texas A&M University  |b College Station  |c Electronic Resources  |d Available Online  |t 0  |e I 19.76:2018-1075  |h Superintendent of Documents classification 
998 f f |a I 19.76:2018-1075  |t 0  |l Available Online